000 00447nam a2200169 a 4500
001 0000-8535
003 ELIB.Books
008 110520 2007
035 _a(ELIB.Books)0000-8680
082 _aB.Th
_bHse
100 _aHser Wah Paw, Naw
245 _aThe Understanding of the Early Child
260 _bInsein: Karen Baptist Theolgical Seminary
_c2007
650 _aThesis
942 _2ddc
_cBK
998 _cbat
_e2011-05-20
999 _c8535
_d8535